000 00421nam a2200169Ia 4500
008 221030s9999 xx 000 0 und d
020 _a812190417X
041 _aEnglish
082 _a105.23
_bBri
100 _aBrij Lal
245 0 _aHeat & Thermodynamics
_cby Brij Lal, N. Subrahmanya
260 _bS. Chand & Co
_aNew Delhi
_c2001
300 _a508
650 _aMechanical
700 _aN. Subrahmanya
942 _cBK
999 _c3049
_d3049